[Event "FICGS class E 000105 email"]
[Site "FICGS email"]
[Date "2009.05.01"]
[Round "1"]
[White "Praz, Sylvain"]
[Black "Moreno, Ciro"]
[Result "1-0"]
[WhiteElo "1300"]
[BlackElo "1400"]
[PlyCount "35"]
[EventDate "2009.??.??"]
[EventType "tourn (corr)"]
[EventRounds "5"]
[SourceTitle "Corr 2022"]
[Source "ChessBase"]
[SourceDate "2021.10.24"]
[SourceVersion "1"]
[SourceVersionDate "2021.10.24"]
[SourceQuality "1"]

1. d4 d5 2. c4 c6 3. Nf3 Nf6 4. Nc3 e6 5. Bg5 Nbd7 6. e3 Qa5 7. Bxf6 Nxf6 8. a3 Ne4 9. Qc1 Nxc3 10. bxc3 b6 11. cxd5 cxd5 12. g3 Ba6 13. Bxa6 Qxa6 14. Ne5 Rc8 15. Qc2 Bb4 16. f4 Rxc3 17. Qb2 Rc2+ 18. Qxb4 1-0

[Event "FICGS rapid D 000022 email"]
[Site "FICGS email"]
[Date "2009.04.25"]
[Round "1"]
[White "Praz, Sylvain"]
[Black "Bromo, Alexis"]
[Result "1/2-1/2"]
[WhiteElo "1300"]
[BlackElo "1403"]
[PlyCount "54"]
[EventDate "2009.??.??"]
[EventType "tourn (rapid)"]
[EventRounds "5"]
[SourceTitle "Corr 2022"]
[Source "ChessBase"]
[SourceDate "2021.10.24"]
[SourceVersion "1"]
[SourceVersionDate "2021.10.24"]
[SourceQuality "1"]

1. d4 d5 2. c4 c6 3. Nf3 Nf6 4. Nc3 Bg4 5. e3 a6 6. Be2 Bxf3 7. Bxf3 dxc4 8. b3 cxb3 9. axb3 e6 10. g3 Bb4 11. Bd2 Nbd7 12. 0-0 c5 13. Bxb7 Ra7 14. Bc6 0-0 15. Ne2 Bxd2 16. Qxd2 Qc7 17. Bf3 Rb8 18. dxc5 Nxc5 19. Nd4 Nxb3 20. Nxb3 g6 21. Rfb1 Nd5 22. Qa5 Qxa5 23. Rxa5 Rab7 24. Ra3 Rb6 25. Ra5 Rxb3 26. Rxb3 Rxb3 27. Rxa6 Kg7 1/2-1/2

[Event "FICGS rapid D 000022 email"]
[Site "FICGS email"]
[Date "2009.04.25"]
[Round "1"]
[White "Praz, Sylvain"]
[Black "Leurette, Marc Antoine"]
[Result "1/2-1/2"]
[WhiteElo "1300"]
[BlackElo "1330"]
[PlyCount "61"]
[EventDate "2009.??.??"]
[EventType "tourn (rapid)"]
[EventRounds "5"]
[SourceTitle "Corr 2022"]
[Source "ChessBase"]
[SourceDate "2021.10.24"]
[SourceVersion "1"]
[SourceVersionDate "2021.10.24"]
[SourceQuality "1"]

1. d4 d5 2. c4 e6 3. Nc3 Nf6 4. Bg5 Be7 5. e3 Ne4 6. Bxe7 Qxe7 7. Nxe4 dxe4 8. a3 b6 9. Ne2 Bb7 10. b4 Nd7 11. Nc3 0-0 12. g3 e5 13. Bg2 exd4 14. exd4 a5 15. 0-0 axb4 16. axb4 Rxa1 17. Qxa1 Qxb4 18. Nxe4 Re8 19. Re1 Qxc4 20. Nf6+ gxf6 21. Rxe8+ Nf8 22. Bxb7 c5 23. dxc5 bxc5 24. Qxf6 Qg4 25. Bd5 Qd1+ 26. Kg2 Qxd5+ 27. f3 Qd2+ 28. Kh3 Qd7+ 29. Kg2 Qxe8 30. Qg5+ Ng6 31. Qxc5 1/2-1/2